Advanced Turbo Prolog Programming

Guardado en:
Detalles Bibliográficos
Autor principal: Shafer, Daniel G.
Formato: Libro
Lenguaje:inglés
Publicado: Indianapolis Sams and Co. 1987
Edición:1. ed.
Etiquetas: Agregar Etiqueta
Sin Etiquetas, Sea el primero en etiquetar este registro!

MARC

LEADER 00000nam a2200000 4500
001 c033118
005 20221219115442.0
041 0 |a eng 
044 |a US 
245 1 0 |a Advanced Turbo Prolog Programming  |c Daniel G. Shafer 
250 |a 1. ed. 
264 1 |a Indianapolis  |b Sams and Co.  |c 1987 
300 |a 251 s. 
100 1 |a Shafer, Daniel G.